<?xml version="1.0" encoding="UTF-8"?>
<record
    xmlns:xsi="http://www.w3.org/2001/XMLSchema-instance"
    xsi:schemaLocation="http://www.loc.gov/MARC21/slim http://www.loc.gov/standards/marcxml/schema/MARC21slim.xsd"
    xmlns="http://www.loc.gov/MARC21/slim">

  <leader>01036nam a2200325 i 4500</leader>
  <controlfield tag="001">vtls000323552</controlfield>
  <controlfield tag="003">PNM</controlfield>
  <controlfield tag="005">20210215151838.0</controlfield>
  <controlfield tag="008">030430t20072007si ao  e      001   eng  </controlfield>
  <datafield tag="020" ind1=" " ind2=" ">
    <subfield code="a">9789812616463</subfield>
    <subfield code="c">RM115.40</subfield>
    <subfield code="q">paperback</subfield>
  </datafield>
  <datafield tag="040" ind1=" " ind2=" ">
    <subfield code="a">PNM</subfield>
    <subfield code="b">eng</subfield>
    <subfield code="c">PNM</subfield>
    <subfield code="d">PPAK</subfield>
    <subfield code="e">rda</subfield>
  </datafield>
  <datafield tag="049" ind1="0" ind2="0">
    <subfield code="a">mal</subfield>
  </datafield>
  <datafield tag="082" ind1="0" ind2="4">
    <subfield code="a">582.16748095</subfield>
    <subfield code="2">23</subfield>
  </datafield>
  <datafield tag="090" ind1="0" ind2="0">
    <subfield code="a">582.16748095</subfield>
    <subfield code="b">ENG</subfield>
    <subfield code="d">R</subfield>
  </datafield>
  <datafield tag="100" ind1="1" ind2=" ">
    <subfield code="a">Engel, David H.,</subfield>
    <subfield code="e">author.</subfield>
  </datafield>
  <datafield tag="245" ind1="1" ind2="0">
    <subfield code="a">A FIELD GUIDE To Tropical Plants of Asia /</subfield>
    <subfield code="c">David H. Engel and Suchart Phummai</subfield>
  </datafield>
  <datafield tag="264" ind1=" " ind2="1">
    <subfield code="a">Singapore :</subfield>
    <subfield code="b">Marshall Cavendish Editions,</subfield>
    <subfield code="c">2007</subfield>
  </datafield>
  <datafield tag="264" ind1=" " ind2="4">
    <subfield code="c">&#xA9;2007</subfield>
  </datafield>
  <datafield tag="300" ind1="0" ind2="0">
    <subfield code="a">280 pages :</subfield>
    <subfield code="b">colour photographs ;</subfield>
    <subfield code="c">23 cm</subfield>
  </datafield>
  <datafield tag="336" ind1=" " ind2=" ">
    <subfield code="2">rdacontent</subfield>
    <subfield code="a">text</subfield>
  </datafield>
  <datafield tag="337" ind1=" " ind2=" ">
    <subfield code="2">rdamedia</subfield>
    <subfield code="a">unmediated</subfield>
  </datafield>
  <datafield tag="338" ind1=" " ind2=" ">
    <subfield code="2">rdacarrier</subfield>
    <subfield code="a">volume</subfield>
  </datafield>
  <datafield tag="504" ind1=" " ind2=" ">
    <subfield code="a">Includes bibliographical references and index</subfield>
  </datafield>
  <datafield tag="650" ind1="1" ind2="0">
    <subfield code="a">Tropical plants</subfield>
    <subfield code="x">Identification</subfield>
    <subfield code="z">Asia</subfield>
  </datafield>
  <datafield tag="650" ind1="2" ind2="0">
    <subfield code="a">Woody plants</subfield>
    <subfield code="x">Identification</subfield>
    <subfield code="z">Asia</subfield>
  </datafield>
  <datafield tag="700" ind1="1" ind2=" ">
    <subfield code="a">Phummai, Suchart,</subfield>
    <subfield code="e">author.</subfield>
  </datafield>
  <datafield tag="942" ind1=" " ind2=" ">
    <subfield code="2">ddc</subfield>
    <subfield code="c">B</subfield>
  </datafield>
  <datafield tag="949" ind1=" " ind2=" ">
    <subfield code="6">2000237599</subfield>
  </datafield>
  <datafield tag="949" ind1=" " ind2=" ">
    <subfield code="6">2000237598</subfield>
  </datafield>
  <datafield tag="999" ind1=" " ind2=" ">
    <subfield code="c">181912</subfield>
    <subfield code="d">181912</subfield>
  </datafield>
  <datafield tag="952" ind1=" " ind2=" ">
    <subfield code="0">0</subfield>
    <subfield code="7">1</subfield>
    <subfield code="b">PPAK</subfield>
    <subfield code="c">R</subfield>
    <subfield code="d">2021-03-08</subfield>
    <subfield code="o">R 582.16748095 ENG</subfield>
    <subfield code="p">A01680205</subfield>
    <subfield code="r">2021-03-08 00:00:00</subfield>
    <subfield code="y">B</subfield>
  </datafield>
  <datafield tag="952" ind1=" " ind2=" ">
    <subfield code="0">0</subfield>
    <subfield code="7">1</subfield>
    <subfield code="b">SP</subfield>
    <subfield code="c">R</subfield>
    <subfield code="d">2021-03-08</subfield>
    <subfield code="o">R 582.16748095 ENG</subfield>
    <subfield code="p">A01680206</subfield>
    <subfield code="r">2021-03-08 00:00:00</subfield>
    <subfield code="y">B</subfield>
  </datafield>
  <datafield tag="952" ind1=" " ind2=" ">
    <subfield code="0">0</subfield>
    <subfield code="7">1</subfield>
    <subfield code="b">KM</subfield>
    <subfield code="c">R</subfield>
    <subfield code="d">2021-03-08</subfield>
    <subfield code="o">R 582.16748095 ENG</subfield>
    <subfield code="p">A01680207</subfield>
    <subfield code="r">2021-03-08 00:00:00</subfield>
    <subfield code="y">B</subfield>
  </datafield>
  <datafield tag="952" ind1=" " ind2=" ">
    <subfield code="0">0</subfield>
    <subfield code="7">1</subfield>
    <subfield code="b">BL</subfield>
    <subfield code="c">R</subfield>
    <subfield code="d">2021-03-08</subfield>
    <subfield code="o">R 582.16748095 ENG</subfield>
    <subfield code="p">A01680208</subfield>
    <subfield code="r">2021-03-08 00:00:00</subfield>
    <subfield code="y">B</subfield>
  </datafield>
  <datafield tag="952" ind1=" " ind2=" ">
    <subfield code="0">0</subfield>
    <subfield code="7">1</subfield>
    <subfield code="b">BB</subfield>
    <subfield code="c">R</subfield>
    <subfield code="d">2021-03-08</subfield>
    <subfield code="o">R 582.16748095 ENG</subfield>
    <subfield code="p">A01680209</subfield>
    <subfield code="r">2021-03-08 00:00:00</subfield>
    <subfield code="y">B</subfield>
  </datafield>
  <datafield tag="952" ind1=" " ind2=" ">
    <subfield code="0">0</subfield>
    <subfield code="7">1</subfield>
    <subfield code="b">MR</subfield>
    <subfield code="c">R</subfield>
    <subfield code="d">2021-03-08</subfield>
    <subfield code="o">R 582.16748095 ENG</subfield>
    <subfield code="p">A01680210</subfield>
    <subfield code="r">2021-03-08 00:00:00</subfield>
    <subfield code="y">B</subfield>
  </datafield>
</record>
